| 000 | 00530nam a2200205Ia 4500 | ||
|---|---|---|---|
| 005 | 20250425162809.0 | ||
| 008 | 250425s9999 xx 000 0 und d | ||
| 041 | _aspa | ||
| 043 | _ape | ||
| 082 | _a657.03 | ||
| 100 | _aDIAS MOSTO, JORGE | ||
| 245 | 0 | _aDICCIONARIO Y MANUAL DE CONTABILIDAD Y ADMINISTRACION: F - O | |
| 250 | _aS.E. | ||
| 260 | _aLIMA | ||
| 260 |
_aPerĂº _bEDITORIAL DE LIBROS TECNICOS _c1984 |
||
| 300 | _a287 | ||
| 650 | _aDICCIONARIO DE CONTABILIDAD Y AUDITORIA | ||
| 942 | _c01 | ||
| 010 | _a109008 | ||
| 999 |
_c236619 _d236619 |
||